| 000 | 00000nam##2200000za#4500 |
| 001 | 9.570426 |
| 003 | CaOODSP |
| 005 | 20220302142610 |
| 007 | cr ||||||||||| |
| 008 | 150406|2006||||xxc|||||o f|0| 0 eng|d |
| 040 | |aCaOODSP|beng |
| 043 | |an-cn--- |
| 086 | 1 |aIu182-2/2006-A-14E-PDF |
| 110 | 1 |aCanada. |bIndustry Canada. |bMicro-Economic Policy Analysis Branch. |
| 245 | 10|aPopulation aging in Canada : |h[electronic resource]|bsoftware for exploring the implications for the labour force and the productive capacity of the economy / |c[by] Frank T. Denton, Christine H. Feaver, Byron G. Spencer. |
| 260 | |aOttawa - Ontario : |bIndustry Canada. |
| 300 | |a84p.|breferences, tables |
| 490 | 1 |aSkills Research Initiative - Working paper series|v2006 A-14 |
| 546 | |a(Résumé en français.) |
| 590 | |a12-10-Supp|b2012-03-23 |
| 720 | 1 |aDenton, Frank T. |
| 720 | 1 |aFeaver, Christine H. |
| 720 | 1 |aSpencer, Byron G. |
| 830 | #0|aSkills Research Initiative working paper series ;|v2006 A-14|w(CaOODSP)9.506390 |
| 856 | 40|ahttp://publications.gc.ca|qPDF|s581 KB|uhttps://publications.gc.ca/collections/collection_2011/ic/Iu182-2-2006-A-14-eng.pdf|y2006 A-14 |
| 986 | |aIC 60136 |